Normal view MARC view
  • Internal Combustion Engine Fundamentals

Entry Topical Term

Number of records used in: 1

001 - CONTROL NUMBER

  • control field: 69580

003 - CONTROL NUMBER IDENTIFIER

  • control field: NUST

005 - DATE AND TIME OF LATEST TRANSACTION

  • control field: 20210628204247.0

008 - FIXED-LENGTH DATA ELEMENTS

  • fixed length control field: 210628|| aca||aabn | a|a d

040 ## - CATALOGING SOURCE

  • Original cataloging agency: NUST
  • Transcribing agency: NUST

150 ## - HEADING--TOPICAL TERM

  • Topical term or geographic name entry element: Internal Combustion Engine Fundamentals

670 ## - SOURCE DATA FOUND

  • Source citation: Work cat.: (NUST): heywood, John, B. 18851, INTERNAL COMBUSTION ENGINE FUNDAMENTALS, 2017
© 2023 Central Library, National University of Sciences and Technology. All Rights Reserved.